00303nam a2200109Ia 4500008004100000020001800041082001500059100002600074245006000100260001800160500001500178260604s9999 xx 000 0 und d a9780141034591 a303.49 TAL aTaleb nassim nicholas 0aThe Black Swan The Impect Of The Highly Improbable (PP) bPENGUIN BOOKS aBlack Swan